| 000 | 00647nam a2200229 i 4500 | ||
|---|---|---|---|
| 001 | 176519 | ||
| 003 | ES-MaACL | ||
| 005 | 20240510063146.0 | ||
| 008 | 110120s2000 sp |||| | spa d | ||
| 020 | _a8486419557 | ||
| 080 | _a821.134.2-14"19" | ||
| 100 | 1 |
_aSerna, Carmen. _9105565 |
|
| 245 | 1 | 0 |
_aDestellos en la sombra / _cCarmen Serna. |
| 250 | _a1ª ed. | ||
| 260 |
_aMadrid : _bJuan Pastor, _c2000. |
||
| 300 |
_a60 p. ; _c20 cm. |
||
| 490 | 1 |
_aDevenir. Serie Poesía ; _v134 |
|
| 830 | 0 | 0 |
_aDevenir. _pSerie Poesía ; _v134 _9236243 |
| 852 |
_aES-MaACL _jP-1931 Nº 134 |
||
| 942 | _2udc | ||
| 999 |
_c176519 _d176519 |
||